| 000 | 00987nam a2200241Ia 4500 | ||
|---|---|---|---|
| 003 | OSt | ||
| 005 | 20220923222410.0 | ||
| 006 | a|||||r|||| 00| 0 | ||
| 007 | ta | ||
| 008 | 220922b |||||||| |||| 00| 0 hin d | ||
| 024 | _a204,779 | ||
| 037 | _cTextual | ||
| 040 |
_aARTS _cARTS _bhin |
||
| 041 |
_2hin _ahin |
||
| 082 | _aO44x, 152L3.1-.2 | ||
| 110 |
_aकेन्द्रीय हिन्दी निदेशालय. वैज्ञानिक तथा तकनीकि शब्दावली आयोग _9166887 |
||
| 245 | 0 | _aबृहत पारिभाषिक शब्द व संग्रह | |
| 246 | _aBṛuhat pāribhāṣhik shabda v sangraha | ||
| 260 | _c1973 | ||
| 700 |
_aकेन्द्रीय हिन्दी निदेशालय. वैज्ञानिक तथा तकनीकि शब्दावली आयोग _9166888 |
||
| 942 |
_hO44x, 152L3.1-.2 _cTEXL _2CC |
||
| 999 |
_c355527 _d355527 |
||